000 00526ntaaa2200193 4500
003 01
005 20251027202843.0
008 0714s1973 ag 01
040 _aAR-BaBN
_bspa
_cAR-BaBN
_eaacr
_dRIC
082 _a269.0000 C26
100 _aCasa Bautista de Publicaciones
_99284
245 _aHablando en su nombre
250 _a1 ed.
260 _aEl Paso :
_bCasa Bautista de Publicaciones,
_c1972
300 _a31 p
500 _aMaterials "TEA". Estudio para nuevos creyentes
650 _aevangelización
942 _cBK
999 _c23936
_d23936